Statistics for Countries with the Most Billionaires per Capita

Click here to take the quiz!

General Stats

  • This quiz has been taken 30,324 times
    (12,969 since last reset)
  • The average score is 14 of 20

Answer Stats

# per mil Richest person Country % Correct
1.90Jeff BezosUnited States
99%
2.89Stefan PerssonSweden
90%
1.38Karl Albrecht Jr.Germany
89%
2.79Odd ReitanNorway
88%
1.10David ThomsonCanada
86%
1.56Anders PovlsenDenmark
83%
1.08Antti HerlinFinland
82%
3.96Gianluigi AponteSwitzerland
81%
102.7David NahmadMonaco
80%
2.95Thor BjorgolfssonIceland
78%
1.00Dietrich MateschitzAustria
77%
1.31Gina RinehartAustralia
76%
4.13Zhang YongSingapore
74%
26.3Christoph ZellerLiechtenstein
69%
1.84Pallonji MistryIreland
65%
1.68Terry GouTaiwan
63%
2.58Eyal OferIsrael
56%
5.01John FredriksenCyprus
25%
0.88Taha MikatiLebanon
20%
56.8Myron WentzSt. Kitts and Nevis
15%

Score Distribution

Percentile by Number Answered

Percent of People with Each Score

Your Score History

You have not taken this quiz since the last reset